000
00347 a2200169 4500
001
169712
020
_a
85*16-02730-9
040
_c
Magnum
100
_a
Braz, Emílio Júlio
240
1
0
_a
Bença, mãe
_l
por
245
1
0
_a
Bença, mãe
300
_a
46
362
0
_a
2001
440
1
_a
Moderna
697
_a
LITERATURA JUVENIL
942
_c
BK
999
_c
169712
_d
169712